Códigos de pesca y acuicultura: concordades, reglamentos, jurisprudencia judicial y administrativa
Guardat en:
| Autor principal: | |
|---|---|
| Format: | Llibre |
| Idioma: | espanyol |
| Publicat: |
Santiago
Jurídica ConoSur
1996
|
| Col·lecció: | Códigos de la República
|
| Matèries: | |
| Etiquetes: |
Afegir etiqueta
Sense etiquetes, Sigues el primer a etiquetar aquest registre!
|
MARC
| LEADER | 00000nam a2200000 a 4500 | ||
|---|---|---|---|
| 001 | UCU1762 | ||
| 003 | CL-VaPUC | ||
| 008 | 960412e19960000CL |||||||||||||||||spa|d | ||
| 082 | 0 | 4 | |a 343.076 |b VIL |2 21 |
| 100 | 0 | |a Villablanca Silva, María Cecilia |e author |9 357510 | |
| 245 | 1 | 0 | |a Códigos de pesca y acuicultura: concordades, reglamentos, jurisprudencia judicial y administrativa |
| 300 | |a 714 p | ||
| 942 | |c BK | ||
| 945 | |d 19960412 00:00:00 |a rleighto | ||
| 260 | |a Santiago |b Jurídica ConoSur |c 1996 | ||
| 650 | 0 | |a Pesca |9 258707 | |
| 650 | 0 | |a Recursos pesqueros |9 255431 | |
| 650 | 7 | |a LEGISLACION |2 CL-VaPUC |9 357511 | |
| 650 | 0 | |a Acuicultura |9 258883 | |
| 650 | 7 | |a PESCA EXTRACTIVA |2 CL-VaPUC |9 357512 | |
| 651 | 7 | |a CHILE |2 CL-VaPUC |9 357513 | |
| 583 | |a last modification |c 19960412 00:00:00 |k Rodrigo Vera | ||
| 490 | 0 | |a Códigos de la República | |
| 999 | |c 246276 |d 246274 | ||
| 952 | |0 0 |1 0 |4 0 |6 343_076000000000000_VIL_1996 |7 0 |8 A |9 261104 |a BIBDER |b BIBDER |d 2019-11-19 |i 3191133 |o 343.076 VIL 1996 |p 3191133 |r 2023-01-25 |w 2019-11-19 |y BK |k DER | ||